Studies on the processing and vulcanizate properties of modified natural rubber blends using different mixing schemes (Record no. 69723)

MARC details
000 -LEADER
fixed length control field 00635nam a2200205Ia 4500
100 ## - MAIN ENTRY--AUTHOR NAME
Personal name Akinlabi A K
245 #0 - TITLE STATEMENT
Title Studies on the processing and vulcanizate properties of modified natural rubber blends using different mixing schemes
260 ## - PUBLICATION, DISTRIBUTION, ETC. (IMPRINT)
Name of publisher Journal of Polymer Materials
Year of publication 2005
300 ## - PHYSICAL DESCRIPTION
Number of Pages 227-234
650 ## - SUBJECT ADDED ENTRY--TOPICAL TERM
Topical Term Epoxidized low molecular weight natural rubber
650 ## - SUBJECT ADDED ENTRY--TOPICAL TERM
Topical Term Mixing
650 ## - SUBJECT ADDED ENTRY--TOPICAL TERM
Topical Term Natural rubber
650 ## - SUBJECT ADDED ENTRY--TOPICAL TERM
Topical Term Physico-mechanical properties
650 ## - SUBJECT ADDED ENTRY--TOPICAL TERM
Topical Term Rheological
700 ## - ADDED ENTRY--PERSONAL NAME
Personal name Dosu M
700 ## - ADDED ENTRY--PERSONAL NAME
Personal name Egharevba F
700 ## - ADDED ENTRY--PERSONAL NAME
Personal name Okiemen F E
942 ## - ADDED ENTRY ELEMENTS (KOHA)
Koha item type Journals
Holdings
Withdrawn status Lost status Damaged status Not for loan Home library Current library Shelving location Date acquired Serial Enumeration / chronology Koha item type
      Journals RRII Library RRII Library Rubber chemistry 17/12/2021 Volume 22, Issue 3 Journals